Sziszüphosz mítosza
Elmentve itt :
| Szerző: | |
|---|---|
| További közreműködők: | |
| Adatforrás: | Philobibl |
| Dokumentumtípus: | Könyv |
| Nyelv: | magyar |
| Kulcsszavak: | francia irodalom filozófia, francia |
| Megjelent: |
[Budapest]
Jelenkor
2024
|
| LEADER | 00443nam a2200145 c 4500 | ||
|---|---|---|---|
| 001 | bibMOK09091021 | ||
| 005 | 20241216115716.5 | ||
| 008 | 240729s2024 hu 00000 hun d | ||
| 100 | 1 | |a Camus, Albert | |
| 245 | 1 | 0 | |a Sziszüphosz mítosza |c Albert Camus ; [ford. és a végjegyzeteket írta Vargyas Zoltán] |
| 260 | |a [Budapest] |b Jelenkor |c 2024 | ||
| 300 | |a 181, [2] p. | ||
| 695 | |a francia irodalom | ||
| 695 | |a filozófia, francia | ||
| 700 | 1 | |a Vargyas Zoltán | |